00554nam a2200169Ia 4500003000400000008004100004020001500045040000800060100002000068245010000088260002800188300001400216901002000230942001200250952010500262999001700367LDD181029s9999 xx 000 0 und d a8170992265 cLDD aSAHAI, Shrinath 4aThe Delhi declarationbcardinal of Indo-Soviet relations (a bibliographical stucShrinath SAHAI aNew DelhibMittalc1990 axix, 334p a314b12-03-1996 2ddccBK 00102ddc4070940151aLDDbLDDd2018-11-01l0o327.54047 Sa19Dp023472r2018-11-01w2018-11-01yBK c40152d40152